[Event "CRO-chT2"]
[Site "Tucepi"]
[Date "1996.??.??"]
[Round "?"]
[White "Mrkonjic, Nenad"]
[Black "Bozinovic, Bogdan"]
[Result "1-0"]
[WhiteElo "2255"]
[BlackElo "2265"]

1.Nf3 c5 2.g3 b6 3.Bg2 Bb7 4.O-O Nf6 5.c4 e6 6.Nc3 a6 7.b3 d6 8.d4 cxd4 9.Nxd4 Bxg2
10.Kxg2 Qc7 11.Bb2 Be7 12.Qd3 O-O 13.Qf3 Ra7 14.Rac1 Qb7 15.Rfd1 Rd8 16.Rc2 d5
17.cxd5 Nxd5 18.Nxd5 Rxd5 19.Rdc1 Bf8 20.Rc8 Rc5 21.Rxf8+ Kxf8 22.Nxe6+  1-0

[Event "CRO-chT2"]
[Site "Tucepi"]
[Date "1996.??.??"]
[Round "?"]
[White "Biliskov, Vjekoslav"]
[Black "Markovic, Igor"]
[Result "1-0"]
[WhiteElo "2335"]
[BlackElo "2250"]

1.Nf3 e6 2.c4 b6 3.g3 Bb7 4.Bg2 Nf6 5.O-O c5 6.Nc3 Be7 7.Re1 d5 8.cxd5 Nxd5
9.e4 Nb4 10.d4 O-O 11.d5 exd5 12.Nxd5 Nd7 13.Nxb4 cxb4 14.Bf4 Nc5 15.Nd4 g6
16.Nb5 Nd3 17.Bc7 Qd7 18.Re3 Qxb5 19.Rxd3 Bc5 20.Bf4 Rfe8 21.Rd7 Bc6 22.Rc7 Rad8
23.Qc1 Rd4 24.Bf1  1-0

[Event "Vienna op"]
[Site "Vienna"]
[Date "1996.??.??"]
[Round "7"]
[White "Tratar, Marko"]
[Black "Blechzin, Igor"]
[Result "0-1"]
[WhiteElo "2420"]
[BlackElo "2400"]

1.Nf3 Nf6 2.c4 e6 3.g3 b6 4.Bg2 Bb7 5.O-O c5 6.Nc3 Be7 7.Re1 d5 8.cxd5 Nxd5
9.e4 Nb4 10.d4 cxd4 11.Nxd4 N8c6 12.Nxc6 Qxd1 13.Rxd1 Bxc6 14.Bf4 g5 15.Bd6 Bxd6
16.Rxd6 Ke7 17.Rad1 Rhd8 18.R6d4 a5 19.a3 Na6 20.e5 Bxg2 21.Kxg2 Nc5 22.Kf3 Rxd4
23.Rxd4 Nd7 24.Ke4 g4 25.Rc4 Rg8 26.Kf4 Rg6 27.Nd1 h6 28.Ne3 f6 29.Nxg4 Rxg4+  0-1

[Event "Villalba op"]
[Site "Villalba"]
[Date "1996.??.??"]
[Round "6"]
[White "Panchenko, Alexandar G"]
[Black "Suba, Mihai"]
[Result "1/2-1/2"]
[WhiteElo "2445"]
[BlackElo "2565"]

1.Nf3 c5 2.c4 Nf6 3.g3 b6 4.Bg2 Bb7 5.O-O e6 6.Nc3 a6 7.b3 d6 8.Bb2 Qc7 9.e3 Be7
10.d4 O-O 11.Rc1 Re8 12.Qe2 Nbd7 13.Rfd1 Bf8 14.Nh4 Bxg2 15.Kxg2 cxd4 16.Rxd4 Qb7+
17.Qf3 Qb8 18.Qe2 Ra7 19.Nf3 Qa8 20.Ba3 Nc5 21.Bxc5 bxc5 22.Rd2 Ne4 23.Nxe4 Qxe4
24.Qd3 Qc6 25.e4 a5 26.Kg1 a4 27.e5 axb3 28.axb3 dxe5 29.Nxe5 Qa8 30.Qe3 Be7
31.Rcd1 Bf6 32.Nf3 Ra3 33.Rd3 Rb8 34.Ne5 h6 35.h4 Ra1 36.Kh2 Rxd1 37.Rxd1 Qa2
38.Rd2 Qxb3 39.Qxc5 Qc3 40.Re2 Ra8 41.Qc6 Ra1 42.Qe8+ Kh7 43.Nd7 Be7 44.Qxf7 Qc1
45.Qf3 Qxc4 46.Ne5 Qd5 47.Qd3+ Kg8 48.Qxd5 exd5 49.Rd2 Bf6 50.Rxd5 Bxe5 51.Rxe5 Kf7
52.h5 Kf6 53.Rb5 Ra2 54.Kg2 Rc2 55.Kf3 Kf7 56.Ke3 Rc7 57.f4 Rc3+ 58.Kf2 Ra3
59.Kg2 Kg8 60.Kh3 Rf3 61.Rb7 Rc3 62.Kh4 Rf3 63.Rb4 Ra3 64.g4 Kh7 65.Rb8 Ra4
66.Rf8 Ra3 67.g5 hxg5+ 68.fxg5 Ra4+ 69.Kg3 Ra1 70.Rf7 Rg1+ 71.Kh4 Rh1+ 72.Kg4 Rg1+
73.Kf5 Rf1+ 74.Ke6 Re1+ 75.Kd6 Rd1+ 76.Ke7 Rd5 77.h6  1/2-1/2

[Event "JUG-chT"]
[Site "Vrnjacka Banja"]
[Date "1996.??.??"]
[Round "?"]
[White "Gajic, Djordje"]
[Black "Tosic, Miroslav"]
[Result "1/2-1/2"]
[WhiteElo "2335"]
[BlackElo "2415"]

1.Nf3 c5 2.g3 b6 3.Bg2 Bb7 4.O-O Nf6 5.c4 e6 6.b3 Be7 7.Bb2 O-O 8.Nc3 d5
9.cxd5 Nxd5 10.Nxd5 Bxd5 11.d4 Na6 12.Qb1 cxd4 13.Nxd4 Bxg2 14.Kxg2 Qd5+
15.Kg1 Rac8 16.Rd1 Rfd8 17.Nf3 Qb7 18.Rxd8+ Rxd8 19.Qc2 Qd5 20.Rc1 f6 21.Nd4 Bc5
22.Nf3 e5 23.a3 b5 24.b4 Bb6 25.Nh4 Nc7 26.Nf5 Qe6 27.Qe4 g6 28.Nh6+ Kg7
29.Ng4 Rd2 30.Bc3 Rd7 31.Ne3 Bxe3 32.Qxe3 Nd5 33.Qe4 Rc7 34.Bb2 Rxc1+ 35.Bxc1 Qc6
36.Bd2 h5 37.f4 exf4 38.gxf4 Qd7 39.Kf2 Ne7 40.Bc3 Kf7 41.Bd4 Nc6 42.Bc5 f5
43.Qc2 Nd8 44.Qc3 Ne6 45.Qe5 a6 46.Be3 Qd8 47.Qc3 Qd6 48.Qd3 Qc6 49.Qd1 h4
50.h3 Kg7 51.Qg1 Kf7 52.Qd1 Kg8 53.Qa1 Qd6 54.Qf6 Nc5 55.Qxh4 Ne4+ 56.Kg2 Qd1
57.Bf2 Qd6 58.Be3 Qd1 59.Bf2  1/2-1/2

[Event "JUG-chT"]
[Site "Vrnjacka Banja"]
[Date "1996.??.??"]
[Round "?"]
[White "Jovanovic, Sasa M"]
[Black "Raicevic, Ivica"]
[Result "0-1"]
[WhiteElo "2330"]
[BlackElo "2375"]

1.Nf3 Nf6 2.c4 c5 3.g3 b6 4.Bg2 Bb7 5.O-O e6 6.Nc3 d6 7.b3 Nbd7 8.d4 cxd4
9.Nxd4 Bxg2 10.Kxg2 a6 11.e4 Rc8 12.Bb2 Be7 13.f4 O-O 14.Qf3 Rc7 15.e5 dxe5
16.Nc6 e4 17.Nxe7+ Qxe7 18.Nxe4 Nxe4 19.Qxe4 Nf6 20.Qe5 Rd8 21.Rad1 Rcd7
22.Rd4 Rxd4 23.Bxd4 Qd7 24.Bc3 b5 25.f5 b4 26.Ba1 Re8 27.Qd4 Qc6+ 28.Kh3 exf5
29.Qf4 Ne4 30.Qxf5 f6 31.Qd5+ Qxd5 32.cxd5 Rd8 33.Rf4 Ng5+ 34.Kg4 a5 35.Rf5 Nf7
36.Kf3 Nd6 37.Rh5 Rc8 38.Bd4 Rc2 39.Bb6 g6 40.Rh4 Rxa2 41.Bc7 g5 42.Rd4 Nb5
43.Rc4 Kf7 44.h4 Ra3 45.Kg4 Ke8 46.Bb6 gxh4 47.gxh4 Nc3 48.Rc5 a4 49.bxa4 Rxa4
50.Rc8+ Ke7 51.Rd8 b3+ 52.Kf5 Nb5  0-1

[Event "JUG-chT"]
[Site "Vrnjacka Banja"]
[Date "1996.??.??"]
[Round "?"]
[White "Milijanovic, Goran"]
[Black "Popov, Sinisa"]
[Result "0-1"]
[WhiteElo "2185"]
[BlackElo "2340"]

1.Nf3 Nf6 2.g3 b6 3.Bg2 Bb7 4.O-O e6 5.c4 c5 6.Nc3 a6 7.Re1 d6 8.e4 Be7 9.d4 cxd4
10.Nxd4 Qc7 11.Be3 O-O 12.Rc1 Nbd7 13.h3 Rfe8 14.b3 Rac8 15.Qc2 Qb8 16.Qb1 Qa8
17.f4 Bf8 18.Bf2 g6 19.Nf3 b5 20.cxb5 axb5 21.b4 d5 22.Nd2 Qa3 23.Nxb5 Qxb4
24.Nc7 Red8 25.exd5 Nxd5 26.Nxd5 Bxd5 27.Nb3 Nf6 28.Rxc8 Rxc8 29.Rc1 Ra8
30.Bxd5 Nxd5 31.Rc2 h5 32.Qe1 Qb8 33.Bd4 h4 34.Be5 Qb5 35.Re2 hxg3 36.Kg2 f6
37.Nd4 Qb7 38.Kxg3 Ra3+ 39.Kh2 fxe5 40.fxe5 Nf4  0-1

[Event "NBG Open Weilburg"]
[Site "Weilburg"]
[Date "1996.??.??"]
[Round "5"]
[White "Mainka, Gregor"]
[Black "Gipslis, Aivars"]
[Result "0-1"]
[WhiteElo "2370"]
[BlackElo "2470"]

1.Nf3 Nf6 2.c4 c5 3.g3 b6 4.Bg2 Bb7 5.O-O e6 6.b3 Be7 7.Bb2 O-O 8.e3 d5 9.Nc3 dxc4
10.bxc4 Nc6 11.Qe2 Qc7 12.Rfd1 Rfd8 13.Rac1 a6 14.d4 Na5 15.e4 cxd4 16.Nd5 exd5
17.cxd5 Bc5 18.Nxd4 Ne8 19.Nf5 f6 20.Nd4 Qe7 21.Ne6 Rdc8 22.Nxc5 Rxc5 23.Ba3 Rac8
24.Bh3 R8c7 25.Qd2 Kf8 26.Bf5 g6 27.Be6 Kg7 28.Bxc5 Rxc5 29.Qd4 Rxc1 30.Rxc1 b5
31.e5 Nc4 32.f4 fxe5 33.fxe5 Nc7 34.Bg4 Nxd5 35.Bf3 Qe6 36.Qa7 Qb6+ 37.Qxb6 Ncxb6
38.Rc5 Kf7 39.Kf2 Ke6  0-1

[Event "Yerevan ol (Men)"]
[Site "Yerevan"]
[Date "1996.??.??"]
[Round "4"]
[White "Wohl, Aleksandar H"]
[Black "Akesson, Ralf"]
[Result "0-1"]
[WhiteElo "2400"]
[BlackElo "2500"]

1.Nf3 Nf6 2.c4 e6 3.g3 b6 4.Bg2 Bb7 5.O-O c5 6.Nc3 Be7 7.d4 cxd4 8.Qxd4 d6
9.b3 O-O 10.Bb2 a6 11.Ne1 Qc7 12.e4 Nbd7 13.Nc2 Rac8 14.Ne3 Qb8 15.Rfe1 Ba8
16.h3 Rfe8 17.Rad1 b5 18.cxb5 axb5 19.Ng4 Nxg4 20.hxg4 Bf8 21.Rd2 h6 22.Qd3 Bc6
23.Nd1 Qb7 24.Ba1 f5 25.gxf5 exf5 26.Nc3 Nc5 27.Qd4 fxe4 28.Nd5 Ne6 29.Qxe4 Nc7
30.Nf6+ gxf6 31.Qg6+ Bg7 32.Rxe8+  0-1

[Event "Yerevan ol (Men)"]
[Site "Yerevan"]
[Date "1996.??.??"]
[Round "6"]
[White "Gluckman, David"]
[Black "Pelletier, Yannick"]
[Result "1/2-1/2"]
[WhiteElo "2370"]
[BlackElo "2440"]

1.Nf3 c5 2.g3 b6 3.Bg2 Bb7 4.O-O Nf6 5.c4 e6 6.b3 Be7 7.Bb2 O-O 8.Nc3 a6
9.Rc1 d6 10.d4 cxd4 11.Qxd4 Nbd7 12.Rfd1 Qc7 13.Nd2 Bxg2 14.Kxg2 Qb7+ 15.Kg1 Rfd8
16.Nde4 Ne8 17.Ba3 Ne5 18.f4 Nc6 19.Qe3 b5 20.Nb1 bxc4 21.Rxc4 d5 22.Bxe7 Nxe7
23.Nc5 Qb6 24.Rcc1 Rac8 25.Qf2 Nf6 26.Ne4 Qxf2+ 27.Nxf2 Nf5 28.Nd2 Ne3 29.Re1 Kf8
30.Nf1 Nc2 31.Red1 Rc7 32.Nd2 Rdc8 33.e4 Ne3 34.Rxc7 Rxc7 35.Re1 Rc2 36.Rxe3 Rxd2
37.a4 d4 38.Rf3 a5 39.b4 Ra2 40.bxa5 Rxa4 41.Rb3 Rxa5  1/2-1/2

[Event "ARM-ch"]
[Site "Yerevan"]
[Date "1996.??.??"]
[Round "7"]
[White "Petrosian, Arshak B"]
[Black "Anastasian, Ashot"]
[Result "1/2-1/2"]
[WhiteElo "2465"]
[BlackElo "2520"]

1.Nf3 Nf6 2.c4 e6 3.g3 b6 4.Bg2 Bb7 5.O-O c5 6.Nc3 Be7 7.Re1 d5 8.cxd5 Nxd5
9.e4 Nxc3 10.bxc3 O-O 11.d4 cxd4 12.cxd4 Nc6 13.Bb2 Bf6 14.Rb1 Rc8 15.d5 exd5
16.exd5 Na5 17.Bxf6 Qxf6 18.Ne5 Rfd8 19.Rb4 Qd6 20.Rf4 Rc7 21.Ng4 Re7 22.Rxe7 Qxe7
23.Ne3 Bc8 24.Re4  1/2-1/2

[Event "Yerevan ol (Men)"]
[Site "Yerevan"]
[Date "1996.??.??"]
[Round "8"]
[White "Rodgaard, John"]
[Black "Wong Meng Kong"]
[Result "1/2-1/2"]
[WhiteElo "2375"]
[BlackElo "2440"]

1.c4 Nf6 2.Nf3 e6 3.g3 b6 4.Bg2 Bb7 5.O-O c5 6.Nc3 Be7 7.d4 cxd4 8.Qxd4 d6
9.Bg5 a6 10.Bxf6 Bxf6 11.Qf4 O-O 12.Rfd1  1/2-1/2

[Event "Yerevan ol (Men)"]
[Site "Yerevan"]
[Date "1996.??.??"]
[Round "11"]
[White "Sandler, Leonid"]
[Black "Gostisa, Leon"]
[Result "1/2-1/2"]
[WhiteElo "2345"]
[BlackElo "2405"]

1.Nf3 Nf6 2.c4 c5 3.g3 b6 4.Bg2 Bb7 5.O-O e6 6.Nc3 d6 7.Re1 Nbd7 8.e4 a6
9.b3 Qc7 10.Bb2 Be7 11.d4 cxd4 12.Nxd4 O-O 13.h3 Rfe8 14.g4 h6 15.Nde2 Ne5
16.Nf4 Rad8 17.Qd2 g5 18.Nd3 Ng6 19.Rac1 Nh4 20.Bh1 Nd7 21.Ne2 Bf6 22.Bxf6 Nxf6
23.Qe3 Qe7 24.Ng3 Nd7 25.f4 gxf4 26.Qxf4 Qg5 27.Rcd1 Qxf4 28.Nxf4 Ne5 29.Kf2 Kf8
30.Nd3 Nhg6 31.Nh5 Nxd3+ 32.Rxd3 Ne5 33.Rd2 Ke7 34.Kg3 Rg8 35.Rf1 b5 36.cxb5 axb5
37.Rc1 Rc8 38.Rdc2 b4 39.Rc7+ Kd8 40.Rxc8+ Bxc8 41.Rd1 Ke7 42.Rd4 Nc6 43.Rc4 Bd7
44.Nf4 Rb8 45.Nd3 Rb6 46.Bf3 Bc8 47.Nb2 Ba6 48.Rc1 Bb5 49.Bd1 Kf6 50.Kf4 Ra6
51.Na4 Ne5 52.Rc8 Bd7 53.Rb8 Rc6 54.Ke3 Rc1 55.Kd2 Ra1 56.Rxb4 Rxa2+ 57.Bc2 Nf3+
58.Kc3 Ne1 59.Nb2 Ra7 60.Kd2 Nf3+ 61.Ke3 Ne5 62.Nc4 Nxc4+ 63.Rxc4 Ke5 64.Rb4 Rc7
65.Rc4 Rxc4 66.bxc4 Bc6 67.h4 f6 68.Bd3 Ba4 69.Be2 Bc2 70.Bf3 Bb1 71.Bg2 Ba2
72.Bf1 Bb3 73.Be2 Ba4 74.Bf3 Bc2 75.Bg2 Bd1 76.Bh3 Ba4 77.Bf1 Be8 78.Be2 Bd7
79.Bd1 Bc6 80.Bc2 Bb7 81.Bb1 Bc6 82.Bc2 Bd7 83.Bd1 Bc8 84.Ba4 d5 85.cxd5 exd5
86.exd5 Bxg4 87.d6 Kxd6 88.Kf4  1/2-1/2

[Event "Yerevan ol (Men)"]
[Site "Yerevan"]
[Date "1996.??.??"]
[Round "11"]
[White "Tsang, Hon Ki"]
[Black "Hamid, Mansour Kadi"]
[Result "1/2-1/2"]
[WhiteElo "2120"]
[BlackElo "2300"]

1.Nf3 Nf6 2.g3 b6 3.Bg2 Bb7 4.O-O c5 5.c4 e6 6.d3 Be7 7.Nc3 O-O 8.e4 d6 9.Ne1 Nc6
10.f4 Qc7 11.Nf3 Rad8 12.Qe2 a6 13.b3 Nd4 14.Qd1 b5 15.Re1 Nxf3+ 16.Qxf3 b4
17.Nd1 Ba8 18.Qe2 Nd7 19.Bb2 Bf6 20.Bxf6 Nxf6 21.Ne3 d5 22.cxd5 exd5 23.e5 Ne8
24.Rac1 Qa7 25.Qf2 d4 26.Nc4 Bxg2 27.Qxg2 Nc7 28.Nd6 Nb5 29.Qb7 Qxb7 30.Nxb7 Rc8
31.Rxc5 Rxc5 32.Nxc5 a5 33.Ne4 f5 34.Nd6 Nc7 35.Rc1 Ne6 36.Kf2 g6 37.Rc6 Ra8
38.Nc4 Kf7 39.Ke2 a4 40.Nd6+ Ke7 41.Nc8+ Kd7 42.Rd6+ Kxc8 43.Rxe6 axb3 44.axb3 Ra2+
45.Kd1 Ra1+ 46.Kc2 Rh1 47.Rc6+ Kd7 48.Rd6+ Ke7 49.Rxd4 Rxh2+ 50.Kd1 Rg2 51.Rxb4 Rxg3
52.Rb7+ Ke6 53.Rb6+ Kd5 54.Rd6+ Kc5 55.d4+ Kb4 56.Ke2 g5 57.fxg5 Rxg5 58.Rh6 Kc3
59.Rh4 Kxb3 60.d5 f4  1/2-1/2

[Event "Yerevan ol (Men)"]
[Site "Yerevan"]
[Date "1996.??.??"]
[Round "12"]
[White "Rodgaard, John"]
[Black "Valiente, Cristobal"]
[Result "1/2-1/2"]
[WhiteElo "2375"]
[BlackElo "2390"]

1.c4 Nf6 2.Nf3 b6 3.g3 Bb7 4.Bg2 e6 5.O-O c5 6.Nc3 Be7 7.d4 cxd4 8.Qxd4 d6
9.Rd1 a6 10.b3 Nbd7 11.e4 O-O 12.Ba3 Nc5 13.e5 dxe5 14.Qxe5 Qc8 15.Bb2  1/2-1/2

[Event "Yerevan ol (Women)"]
[Site "Yerevan"]
[Date "1996.??.??"]
[Round "13"]
[White "Agababian, Naira"]
[Black "Zhukova, Natalia"]
[Result "1-0"]
[WhiteElo "2210"]
[BlackElo "2335"]

1.c4 Nf6 2.Nf3 e6 3.g3 b6 4.Bg2 Bb7 5.O-O c5 6.d4 cxd4 7.Nxd4 Bxg2 8.Kxg2 Be7
9.Nc3 Qc8 10.Qd3 Nc6 11.b3 O-O 12.Bb2 Rd8 13.e4 d5 14.exd5 exd5 15.Nf5 dxc4
16.Qf3 Bb4 17.Nh6+ Kf8 18.Ne4 Qe6 19.Bxf6 gxf6 20.Nxf6 Rd3 21.Qf4 Ne5 22.Qg5 Qc6+
23.Kh3 Qe6+ 24.Nf5  1-0

[Event "FRA-chT9697 final"]
[Site "Clichy"]
[Date "1997.05.02"]
[Round "9"]
[White "Giffard, Nicolas"]
[Black "Verdier, Patrice"]
[Result "1-0"]
[WhiteElo "2405"]
[BlackElo "2320"]

1.Nf3 c5 2.c4 Nf6 3.g3 b6 4.Bg2 Bb7 5.O-O e6 6.Nc3 Be7 7.Re1 O-O 8.e4 d6
9.d4 cxd4 10.Nxd4 Qc8 11.Be3 a6 12.Rc1 Nbd7 13.f4 Ra7 14.f5 Nc5 15.Bf2 Qa8
16.Qe2 exf5 17.Nxf5 Re8 18.b4 Ncd7 19.Qd1 Qb8 20.Nd5 Nxd5 21.exd5 Bf8 22.Nh6+ Kh8
23.Nxf7+ Kg8 24.Ng5 Ba8 25.Bh3 Ne5 26.Be6+ Kh8 27.Bd4 Qd8 28.h4 Qf6 29.Rf1 Qg6
30.a3 Rc7 31.Bxe5 dxe5 32.Rf3 Bd6 33.Nf7+ Rxf7 34.Bxf7  1-0

[Event "Najdorf"]
[Site "Buenos Aires"]
[Date "1997.05.29"]
[Round "9"]
[White "Spangenberg, Hugo"]
[Black "Adianto, Utut"]
[Result "1/2-1/2"]
[WhiteElo "2550"]
[BlackElo "2615"]

1.Nf3 Nf6 2.c4 e6 3.g3 b6 4.Bg2 Bb7 5.O-O c5 6.b3 Be7 7.Bb2 O-O 8.e3 d5 9.Nc3 Nbd7
10.Qe2 Ne4 11.cxd5 exd5 12.d4 Bf6 13.Rfd1 Qe7 14.Rac1 Rfd8 15.dxc5 Ndxc5
16.Nb5 a5 17.Bxf6 Qxf6 18.Nfd4 g6 19.Qf3 Kg7 20.Rc2 Qxf3 21.Bxf3 Rac8 22.Bg4 f5
23.Be2 Kf6 24.Rdc1 Na6 25.Nc6 Rf8 26.a3 Kg7 27.Nbd4 Kf6 28.b4 axb4 29.axb4 Nd6
30.b5 Nc5 31.Nb4 Nde4 32.Ndc6 Ke6 33.Rd1 Nf6 34.Nxd5 Nxd5 35.Bc4 Bxc6 36.bxc6 Rfd8
37.Rcd2 Ke7 38.Bxd5 Na6 39.Bc4 Rxd2 40.Rxd2 Nb8 41.Bb5 Nxc6 42.Kg2 Ne5 43.h3 Rc3
44.f4  1/2-1/2

[Event "Villa Martelli"]
[Site "Villa Martelli"]
[Date "1997.06.04"]
[Round "4"]
[White "Ricardi, Pablo"]
[Black "German, Gustavo"]
[Result "0-1"]
[WhiteElo "2575"]
[BlackElo "2500"]

1.Nf3 Nf6 2.g3 b6 3.Bg2 Bb7 4.c4 c5 5.O-O e6 6.Nc3 Be7 7.d4 cxd4 8.Nxd4 Bxg2
9.Kxg2 Qc8 10.Qd3 O-O 11.Bf4 Nc6 12.Ndb5 Nb4 13.Qf3 Qxc4 14.Nc7 Rac8 15.Rfc1 Rxc7
16.a3 Rcc8 17.axb4 Qxb4 18.e4 Rfd8 19.Rxa7 Qxb2 20.e5 Ne8 21.Na4 Qb5 22.Rxc8 Rxc8
23.Nc3 Qc4 24.Rxd7 Qxc3 25.Qxc3 Rxc3 26.Rxe7 Nc7 27.Bd2 Rc4 28.Rd7 h5 29.Bg5 Nd5
30.Rb7 Kh7 31.Bd8 Kg6 32.h3 Rc3 33.Kf1 Rc8 34.Bh4 Rc7 35.Rb8 Rc2 36.Bd8 Rb2
37.Rb7 b5 38.Be7 b4 39.Bc5 Rc2 40.Bd6 Rb2 41.Kg2 Rb1 42.Kf3 Rc1 43.h4 Rb1
44.Bc5 Rc1 45.Bd6 Rc3+ 46.Ke4 Rb3 47.Bc5 Rc3 48.Bd6 Rc2 49.Kf3 f6 50.exf6 gxf6
51.Rb8 Rc4 52.Ke2 Kf5 53.Kd3 Rc3+ 54.Ke2 Rb3 55.f3 Rb2+ 56.Ke1 e5 57.Bc5 b3
58.Ba3 Rg2  0-1

[Event "Vier Laenderkampf"]
[Site "Schoeneck"]
[Date "1997.06.??"]
[Round "3"]
[White "Fischer, Roger"]
[Black "Krallmann, Matthias"]
[Result "1/2-1/2"]
[WhiteElo "2075"]
[BlackElo "2220"]

1.Nf3 c5 2.c4 Nf6 3.g3 b6 4.Bg2 Bb7 5.O-O e6 6.Nc3 a6 7.d4 cxd4 8.Qxd4 d6
9.Rd1 Be7 10.Ng5 Bxg2 11.Kxg2 Nc6 12.Qf4 O-O 13.b3 Ra7 14.Nge4 Rd7 15.Bb2 d5
16.cxd5 Nxd5 17.Nxd5 Rxd5 18.Nc3 Rxd1 19.Rxd1  1/2-1/2

[Event "Wch U20"]
[Site "Zagan"]
[Date "1997.07.17"]
[Round "4"]
[White "Mirumian, Vigen"]
[Black "Bunzmann, Dimitrij"]
[Result "1/2-1/2"]
[WhiteElo "2490"]
[BlackElo "2370"]

1.Nf3 Nf6 2.g3 b6 3.Bg2 Bb7 4.O-O e6 5.c4 c5 6.Nc3 Be7 7.Re1 d6 8.e4 a6 9.d4 cxd4
10.Qxd4 O-O 11.b3 Nc6 12.Qd2 Qc7 13.Bb2 Rac8 14.Rac1 Qb8 15.Nd4 Nxd4 16.Qxd4 Bc6
17.a4 Qb7 18.b4 e5 19.Qd3 Bd7 20.Ba3 Qa8 21.Bf1 h6 22.Ra1 Qb7 23.b5 Rfd8
24.Rec1 axb5 25.axb5 Ra8 26.Bb4 Be6 27.Nd5 Rxa1 28.Rxa1 Bxd5 29.cxd5 Nd7
30.Ra6 Qc7 31.Qa3 Bf8 32.Ra7 Qc2 33.Qc3 Qxc3 34.Bxc3 Nc5 35.f3 Rb8 36.Bh3 g6
37.Kf2 Kg7 38.Ke3 Rb7 39.Ra8 Be7 40.Bb4 Bg5+ 41.f4 Bf6 42.Bxc5 bxc5 43.Bf1 exf4+
44.gxf4 g5 45.h3 gxf4+ 46.Kxf4 Bg5+ 47.Kf3 Kf6 48.Re8 Bd2 49.e5+ dxe5 50.Ke4 Rb6
51.Rxe5 Rd6 52.Bc4 Ba5 53.Rf5+ Ke7 54.Rf3 Bc7 55.Ra3 f5+ 56.Kf3 Kf6 57.Ra7 Bb6
58.Ra8 Ke5 59.Rc8 Kd4 60.Ba2 Ke5 61.Re8+ Kd4 62.Rc8 Ke5  1/2-1/2

[Event "Komercni Banka op"]
[Site "Pardubice"]
[Date "1997.07.21"]
[Round "5"]
[White "Gisbrecht, Ewgeni"]
[Black "Kholmov, Ratmir D"]
[Result "1/2-1/2"]
[WhiteElo "2400"]
[BlackElo "2475"]

1.Nf3 Nf6 2.c4 e6 3.g3 b6 4.Bg2 Bb7 5.O-O c5 6.b3 Be7 7.Bb2 Nc6 8.Nc3 O-O
9.d4 d5 10.cxd5 exd5 11.Rc1 Re8 12.dxc5 Bxc5 13.Na4 Bf8 14.Nd4 Nxd4 15.Bxd4 Ne4
16.Qd3  1/2-1/2

[Event "Wch U20"]
[Site "Zagan"]
[Date "1997.07.23"]
[Round "9"]
[White "Podkriznik, Gregor"]
[Black "Bunzmann, Dimitrij"]
[Result "1/2-1/2"]
[WhiteElo "2295"]
[BlackElo "2370"]

1.Nf3 Nf6 2.g3 b6 3.Bg2 Bb7 4.c4 c5 5.O-O e6 6.Nc3 Be7 7.Re1 d6 8.e4 a6 9.d4 cxd4
10.Nxd4 Qc7 11.Be3 O-O 12.Rc1 Nbd7 13.f4 Rfd8 14.g4 Nc5 15.Bf2 d5 16.cxd5 Qxf4
17.b4 Ncd7 18.dxe6 Nf8 19.exf7+ Kh8 20.Nd5 Nxd5 21.exd5 Bxb4 22.Ne6 Nxe6
23.Rxe6 Qxf7 24.Rxb6 Bxd5 25.Bh4 Be7 26.Bxe7 Qxe7 27.Qe1 Qa7 28.Qf2 Rf8 29.Qc5 Bxg2
30.Kxg2 Qd7 31.Rb2 Qxg4+ 32.Kh1 Rac8 33.Qe3 Rxc1+ 34.Qxc1 Qf3+ 35.Kg1 h6
36.Qe1 Rf6 37.Rg2 Qc6 38.h4 Rg6 39.Rxg6 Qxg6+ 40.Kh1 Qc2 41.Qe6 a5 42.Qe8+ Kh7
43.a4 Qg6 44.Qb5 Qe4+ 45.Kg1 Qg4+ 46.Kf1 Qh3+ 47.Ke2 Qg2+ 48.Ke3 Qg3+ 49.Ke2 Qc7
50.h5 g6 51.hxg6+ Kxg6 52.Qd3+ Kf6 53.Qf3+ Kg7 54.Qg4+ Kh8 55.Qd4+ Kg8 56.Qg4+  1/2-1/2

[Event "Komercni Banka op"]
[Site "Pardubice"]
[Date "1997.07.24"]
[Round "8"]
[White "Konopka, Michal"]
[Black "Seder, Nicolae"]
[Result "1-0"]
[WhiteElo "2410"]
[BlackElo "2215"]

1.Nf3 Nf6 2.c4 e6 3.g3 b6 4.Bg2 Bb7 5.O-O c5 6.Nc3 Be7 7.d4 cxd4 8.Qxd4 Nc6
9.Qf4 a6 10.Rd1 d6 11.b3 Qc7 12.Ba3 e5 13.Qd2 Rd8 14.Rac1 Nb8 15.Nd5 Bxd5
16.cxd5 Qb7 17.Nxe5 dxe5 18.d6 Qd7 19.dxe7 Qxd2 20.Rxd2 Rxd2 21.Rc8+ Kd7
22.Bh3+  1-0

[Event "Komercni Banka op"]
[Site "Pardubice"]
[Date "1997.07.24"]
[Round "8"]
[White "Zaitsev, Vadim"]
[Black "Prokopchuk, Evgeny"]
[Result "0-1"]
[WhiteElo "2345"]
[BlackElo "2475"]

1.Nf3 c5 2.g3 b6 3.Bg2 Bb7 4.O-O Nf6 5.c4 e6 6.Nc3 Be7 7.d4 cxd4 8.Qxd4 O-O
9.e4 Nc6 10.Qd1 Qb8 11.Re1 d6 12.b3 Rd8 13.Bb2 a6 14.Qe2 Ng4 15.Rad1 Nge5
16.Nd4 Bf6 17.Nxc6 Nxc6 18.Rd2 Qc7 19.Red1 Rab8 20.Qe3 Ba8 21.Bf1 Ne5 22.h3 Qc5
23.Bg2 Qc7 24.Rc1 h6 25.f4 Nd7 26.Kh2 Nc5 27.Rcd1 e5 28.Rf2 exf4 29.Qxf4 Be5
30.Qg4 Re8 31.Rdf1 Re6 32.Nd5 Bxd5 33.Bxe5 Rxe5 34.exd5 Rf8 35.h4 Qe7 36.Rf6 h5
37.Qd1 gxf6 38.Rf4 Re2 39.b4 Nd7 40.Kh3 Qe5 41.Bf3 Rxa2 42.Bxh5 f5 43.Qd3 Qb2
44.Qxf5 Qg2+ 45.Kg4 Ne5+ 46.Kg5 Qxg3+ 47.Bg4 Ng6  0-1

[Event "Wch U20"]
[Site "Zagan"]
[Date "1997.07.25"]
[Round "11"]
[White "Moreira, Jairo"]
[Black "Savic, Miodrag R"]
[Result "0-1"]
[WhiteElo "2200"]
[BlackElo "2430"]

1.Nf3 Nf6 2.c4 e6 3.g3 b6 4.Bg2 Bb7 5.O-O c5 6.b3 Be7 7.Bb2 O-O 8.d3 d5 9.e3 Nc6
10.Nc3 a6 11.a3 Rb8 12.Qe2 Na5 13.Nd2 Qd7 14.Na2 dxc4 15.dxc4 Bxg2 16.Kxg2 Rfd8
17.Rad1 Qc6+ 18.Qf3 Rd7 19.Bc3 Rbd8 20.Qxc6 Nxc6 21.Kf3 b5 22.Ke2 b4 23.axb4 cxb4
24.Bb2 Ng4 25.h3 Nge5 26.Ba1 Nd3 27.f4 a5 28.Nf3 a4 29.Nc1 Nxc1+ 30.Rxc1 axb3
31.Rb1 Ra7 32.Rxb3 Ra2+ 33.Rb2 Rda8 34.Rxa2 Rxa2+ 35.Kd3 Ra3+ 36.Kd2 Na5
37.Ke2 Ra2+ 38.Kd3 Ra3+ 39.Ke2 b3 40.Bc3 Nxc4 41.Kd3 Nb6 42.Bd4 b2+ 43.Ke2 Nc4
44.Rb1 Bf6  0-1

[Event "EUCup Gr3"]
[Site "Slough"]
[Date "1997.09.23"]
[Round "2"]
[White "Agdestein, Espen"]
[Black "Adams, Michael"]
[Result "0-1"]
[WhiteElo "2375"]
[BlackElo "2680"]

1.Nf3 Nf6 2.c4 e6 3.g3 b6 4.Bg2 Bb7 5.O-O c5 6.Nc3 Be7 7.d4 cxd4 8.Qxd4 d6
9.Rd1 a6 10.Ng5 Bxg2 11.Kxg2 O-O 12.Nce4 Ra7 13.Qd3 Nxe4 14.Nxe4 Rd7 15.Nc3 Qc8
16.Bd2 Nc6 17.Qe4 Ne5 18.b3 Re8 19.Rac1 f5 20.Qb1 Qb7+ 21.Kg1 Bf6 22.a4 g5
23.Be3 h5 24.Bd4 h4 25.Bxe5 Bxe5 26.g4 h3 27.f3 Rg7 28.e4 fxg4 29.fxg4 Rf8
30.Rd3 Rf4 31.Rxh3 Rxg4+ 32.Kh1 Rh7 33.Qd3 Rgh4 34.Rxh4 Rxh4 35.h3 g4 36.Rg1 Qh7  0-1

[Event "Budapest FS10 IM-B"]
[Site "Budapest"]
[Date "1997.10.17"]
[Round "13"]
[White "Bersutzki, Gregory"]
[Black "Kittler, Thorsten"]
[Result "1/2-1/2"]
[WhiteElo "2150"]
[BlackElo "2255"]

1.Nf3 Nf6 2.g3 c5 3.c4 b6 4.Bg2 Bb7 5.O-O e6 6.Nc3 Be7 7.d4 cxd4 8.Nxd4 Bxg2
9.Kxg2 O-O 10.e4 Nc6 11.f3 Qc8 12.b3 Rd8 13.Bb2 Qb7 14.Re1 a6 15.Re2 b5 16.cxb5 Nxd4
17.Qxd4 axb5 18.e5 Ne8 19.Ne4 d6 20.exd6 Bxd6 21.Nxd6 Rxd6 22.Qb4 Rd3 23.Rf2 Nd6
24.g4 Qd5 25.Rc1 Rxa2 26.Rc5 Qxb3 27.Qxb3 Rxb3 28.Be5 Rxf2+ 29.Kxf2 Ne8 30.Rc8 f6
31.Bxf6 gxf6 32.Rxe8+ Kf7 33.Rb8 Kg6 34.h4 h5 35.Rb6 hxg4 36.fxg4 Kf7 37.Rb7+ Kg6
38.Rb6 Kf7 39.Rb7+ Kf8 40.Rb8+ Ke7 41.h5 e5 42.h6 Rh3 43.Rxb5 Ke6 44.Rb7 Rh2+
45.Kf3 Rh3+ 46.Kf2 Rh2+ 47.Kf3 Rxh6 48.g5 e4+ 49.Ke3 Rh3+ 50.Kxe4 Rh4+ 51.Kf3 fxg5
52.Kg3 Kf5 53.Rb5+ Kg6 54.Rb8 Rc4 55.Rg8+ Kf5 56.Rf8+ Kg6 57.Rg8+  1/2-1/2

[Event "Hellir op"]
[Site "Reykjavik"]
[Date "1997.10.24"]
[Round "1"]
[White "Wilhelmi, Christian"]
[Black "Mayers, Dan E"]
[Result "1-0"]
[WhiteElo "2405"]
[BlackElo "2075"]

1.Nf3 Nf6 2.c4 e6 3.g3 b6 4.Bg2 Bb7 5.O-O c5 6.Nc3 Be7 7.Re1 Nc6 8.e4 e5
9.Nh4 Nd4 10.f4 d6 11.Ne2 Nxe2+ 12.Qxe2 O-O 13.d3 Re8 14.f5 Nd7 15.Nf3 g5
16.h4 g4 17.Nh2 h5 18.Qe3 Bf8 19.Qg5+ Qxg5 20.hxg5 Be7 21.f6 Bd8 22.Kf2 Nf8
23.Rh1 Bc8 24.Nf1 b5 25.Bd2 Be6 26.Ne3 Rb8 27.Rab1 bxc4 28.dxc4 Ng6 29.Rxh5 Bb6
30.Rbh1 Ba5 31.Bc1 Rb4 32.b3 Rb6 33.Rh7 Bc3 34.Nf5 Bd4+ 35.Ke1 Ra6 36.Rg7+ Kf8
37.Rh8+ Nxh8 38.Nh6 Bc3+ 39.Kd1  1-0

[Event "RUS-Cup01 Chigorin mem"]
[Site "St Petersburg"]
[Date "1997.11.01"]
[Round "1"]
[White "Bursteinas, Romanas"]
[Black "Tunik, Gennady"]
[Result "1/2-1/2"]
[WhiteElo "2200"]
[BlackElo "2450"]

1.Nf3 Nf6 2.c4 c5 3.g3 b6 4.Bg2 Bb7 5.O-O e6 6.Nc3 Be7 7.Re1 d6 8.e4 a6 9.d4 cxd4
10.Nxd4 Qc7 11.Be3 O-O 12.Rc1 Nbd7 13.b3 Rac8 14.f3 Qb8 15.Bf2 Rfe8 16.Qd2 Bf8
17.Nc2 Ba8 18.Bf1 Ne5 19.Nd4 Rcd8 20.h3 Ned7 21.Nc2 Nc5 22.Ne3 Bb7 23.Rcd1 Qa8
24.Ng4 Be7 25.Bd4 Nxg4 26.hxg4 Qb8 27.Qf2 Bc6 28.b4 Nd7 29.b5 axb5 30.cxb5 Ba8
31.Bd3 Rc8 32.Rc1 Bf6 33.Bxf6 Nxf6 34.Na4 Nd7 35.Rxc8 Rxc8 36.Kg2 d5 37.Qd4 Qd6
38.Re2 e5 39.Qb2 h5 40.gxh5 dxe4 41.Bxe4 Bxe4 42.fxe4 Qd3 43.Qd2 Qxb5 44.Nb2 Nf6
45.Qd3 Qc6 46.Qf3 Qc1 47.Nd3 Qg5 48.Qf5 Qxf5 49.exf5 e4 50.Nf2  1/2-1/2